Coupe du Monde 1970: Un joueur, une équipe - Statistiques

Statistiques générales
  • Ce quiz a été pris 48 fois
  • Le résultat moyen est 13 sur 16
Statistiques - réponses
Réponse % Correct
Brésil
98%
Angleterre
95%
Italie
95%
Allemagne de l'Ouest
93%
Belgique
86%
Mexique
86%
Roumanie
84%
Uruguay
80%
Bulgarie
77%
Suède
77%
Maroc
75%
URSS
75%
Tchécoslovaquie
73%
Pérou
68%
Israël
59%
Salvador
52%
Aucun quiz correspondant
Distribution des résultats
% des personnes avec chaque résultat
Percentile par nombre de réponses
Votre historique - résultats
Vous n’avez pas pris ce quiz